<?xml version="1.0" encoding="UTF-8"?>
<record
    xmlns:xsi="http://www.w3.org/2001/XMLSchema-instance"
    xsi:schemaLocation="http://www.loc.gov/MARC21/slim http://www.loc.gov/standards/marcxml/schema/MARC21slim.xsd"
    xmlns="http://www.loc.gov/MARC21/slim">

  <leader>00842nam a22002537a 4500</leader>
  <controlfield tag="003">UA-OsUOA</controlfield>
  <controlfield tag="001"> 47414 </controlfield>
  <controlfield tag="007">ta</controlfield>
  <controlfield tag="008">20120613b un ||||| |||| 00| 0 ukr d</controlfield>
  <datafield tag="100" ind1=" " ind2=" ">
    <subfield code="a">&#x427;&#x435;&#x431;&#x43E;&#x442;&#x430;&#x440;&#x456;&#x432; &#x41C;.</subfield>
  </datafield>
  <datafield tag="090" ind1=" " ind2=" ">
    <subfield code="a">09.-82-94</subfield>
    <subfield code="b">&#x427;-34</subfield>
  </datafield>
  <datafield tag="942" ind1=" " ind2=" ">
    <subfield code="c">BK</subfield>
  </datafield>
  <datafield tag="040" ind1=" " ind2=" ">
    <subfield code="a">UA-OsUOA</subfield>
    <subfield code="b">ukr</subfield>
    <subfield code="c">UA-OsUOA</subfield>
    <subfield code="d">UA-OsUOA</subfield>
  </datafield>
  <datafield tag="245" ind1=" " ind2=" ">
    <subfield code="a">&#x41D;&#x435;&#x432;&#x434;&#x430;&#x43B;&#x430; &#x440;&#x435;&#x433;&#x430;&#x431;&#x456;&#x43B;&#x456;&#x442;&#x430;&#x446;&#x456;&#x44F; &#x421;&#x443;&#x448;&#x43A;&#x430;-&#x443;&#x431;&#x456;&#x439;&#x43D;&#x438;&#x43A;&#x430; (&#x417; &#x43F;&#x440;&#x438;&#x432;&#x43E;&#x434;&#x443; &#x43A;&#x43D;&#x438;&#x436;&#x43A;&#x438; &#x420;&#x43E;&#x43C;&#x430;&#x43D;&#x430; &#x421;&#x443;&#x448;&#x43A;&#x430;: "&#x425;&#x442;&#x43E; &#x432;&#x431;&#x438;&#x432; &#x43F;&#x43E;&#x43B;&#x43A;&#x43E;&#x432;&#x43D;&#x438;&#x43A;&#x430; &#x41E;&#x442;&#x43C;&#x430;&#x440;&#x448;&#x442;&#x435;&#x439;&#x43D;&#x430;").</subfield>
  </datafield>
  <datafield tag="300" ind1=" " ind2=" ">
    <subfield code="a">86 &#x441;.</subfield>
  </datafield>
  <datafield tag="955" ind1=" " ind2=" ">
    <subfield code="a">1</subfield>
  </datafield>
  <datafield tag="041" ind1=" " ind2=" ">
    <subfield code="a">ukr</subfield>
  </datafield>
  <datafield tag="080" ind1=" " ind2=" ">
    <subfield code="a">09.-82-94</subfield>
  </datafield>
  <datafield tag="260" ind1=" " ind2=" ">
    <subfield code="b">&#x41F;&#x440;&#x430;&#x432;&#x434;&#x430;</subfield>
    <subfield code="c">1933</subfield>
  </datafield>
  <datafield tag="246" ind1="3" ind2="1">
    <subfield code="a">&#x427;.1.</subfield>
  </datafield>
  <datafield tag="650" ind1=" " ind2="7">
    <subfield code="a">0 &#x417;&#x430;&#x433;&#x430;&#x43B;&#x44C;&#x43D;&#x438;&#x439; &#x432;&#x456;&#x434;&#x434;&#x456;&#x43B;.</subfield>
    <subfield code="2">UDC</subfield>
  </datafield>
  <datafield tag="999" ind1=" " ind2=" ">
    <subfield code="c">427526</subfield>
    <subfield code="d">427526</subfield>
  </datafield>
  <datafield tag="952" ind1=" " ind2=" ">
    <subfield code="0">0</subfield>
    <subfield code="1">0</subfield>
    <subfield code="2">udc</subfield>
    <subfield code="4">0</subfield>
    <subfield code="7">0</subfield>
    <subfield code="a">300</subfield>
    <subfield code="b">300</subfield>
    <subfield code="d">2012-06-13</subfield>
    <subfield code="e">272/2012</subfield>
    <subfield code="g">1.00</subfield>
    <subfield code="i">2133649</subfield>
    <subfield code="l">0</subfield>
    <subfield code="o">09.-82-94 &#x427;-34</subfield>
    <subfield code="p">2133649</subfield>
    <subfield code="r">2019-09-14 00:00:00</subfield>
    <subfield code="w">2012-06-13</subfield>
    <subfield code="y">BK</subfield>
  </datafield>
</record>
